000 00972nam a22002297a 4500
003 OSt
005 20250916181646.0
008 240325b ||||| |||| 00| 0 eng d
040 _c0
082 _aDPer 621.381 In821 September 2022 v. 37 n. 9
100 _aHe, Shan.
_eauthor.
_955279
245 _aA review of multisampling techniques in power electronics applications /
_cShan He, Dao Zhou, Xiongfei Wang, Zhaoyang Zhao, and Frede Blaabjerg.
260 _aNew York ;
_bThe Institute of Electrical and Electronics Engineers, Inc. ,
_cSeptember 2022.
300 _aVolume 37, pages 10514-10533 :
_billustration ;
_c28 cm.
500 _aIEEE Transitions on Power Electronics, v. 37 n. 9, pages 10514-10533, September 2022.
700 _aHe, Shan.
_eauthor.
_955279
700 _aZhou, Dao.
_eauthor.
_955280
700 _aWang, Xiongfei.
_eauthor.
_955281
700 _aZhao, Zhaoyang.
_eauthor.
_955282
700 _aBlaabjerg, Frede.
_eauthor.
_955283
942 _2ddc
_cPER
999 _c19829
_d19829